| 000 | 00615nam a22001817a 4500 | ||
|---|---|---|---|
| 999 |
_c17910 _d17910 |
||
| 003 | AR-CdUCM | ||
| 008 | 190510b ||||| |||| 00| 0 spa d | ||
| 040 |
_aMUNICIPALIDAD PROVINCIAL DEL CUSCO _cBIBLIOTECA MUNICIPAL DEL CUSCO |
||
| 082 |
_a869.560 / _bG71 |
||
| 100 |
_aGonzales Prada, Alfredo _938150 |
||
| 245 | _aRedes para captar la nube / | ||
| 260 |
_aLima : _bPTCM, _c1946. |
||
| 300 |
_a312 páginas ; _c18 cm. |
||
| 505 | _aDos cartas -- Juventud divido tesoro -- Poemas -- Ya te vas para no volver -- Manuel Gonzales Prada | ||
| 650 |
_aLiteratura peruana. _9169 |
||
| 942 |
_2ddc _cLIBROS |
||
| 945 | _awfj | ||